Music Quiz

Random Music or Classical Quiz

Mahler Symphony No. 3 instrumentation Quiz Stats

 Plays Quiz not verified by Sporcle

Challenge
Share
Tweet
Embed
Score 0/31 Timer 05:00
0 Plays Today
Hint Answer % Correct
StringsViolins I,II
97.3%
StringsDouble Bass
97.3%
Brass4 Trumpets
96.9%
Woodwinds4 Flutes
96.1%
Woodwinds4 Oboes
96.1%
StringsVioloncellos
95.3%
BrassTuba
94.9%
StringsViolas
94.9%
Woodwinds3 Clarinets
94.5%
Woodwinds2 Eb Clarinets
94.5%
Brass8 Horns
93.4%
Brass4 Trombones
93.4%
Woodwinds2 Piccolos
92.6%
Woodwinds4 Bassoons
91.8%
Percussion2 Timpani
88.3%
VoicesAlto solo
86.7%
Hint Answer % Correct
PercussionBass Drum
83.2%
PercussionRute
83.2%
PercussionSnare Drum
82%
PercussionTriangle
80.9%
WoodwindsCor Anglais
79.7%
Strings2 Harps
78.9%
PercussionCymbals
77%
WoodwindsBass Clarinet
75%
BrassPost Horn
74.2%
WoodwindsContrabassoon
70.7%
VoicesBoy's choir
66.8%
VoicesWomen's choir
66.4%
Percussion2 Glockenspiels
63.7%
PercussionTam-Tam
52%
PercussionTambourine
48%

You're not logged in!

Compare scores with friends on all Sporcle quizzes.
Join for Free
OR
Log In

You Might Also Like...

Show Comments

Extras

Top Quizzes Today


Score Distribution

Your Account Isn't Verified!

In order to create a playlist on Sporcle, you need to verify the email address you used during registration. Go to your Sporcle Settings to finish the process.

Report this User

Report this user for behavior that violates our Community Guidelines.

Details: